000 00986nam a22002537a 4500
005 20170123164143.0
010 _aB-028583
020 _c70.00
_a8175990902
035 _aB-028583
037 _aCen Lib / Ret
040 _aDPL
_bPN
082 _a851
_bਟਿਵਾਨਾ
100 _aਟਿਵਾਨਾ, ਮਨਜੀਤ
_9118908
245 _aਜਿਨ ਪ੍ਰੇਮ ਕੀਓ :
_cਮਨਜੀਤ ਟਿਵਾਨਾ
_bਕਵਿਤਾਵਾਂ /
246 _aJin prem kiao /
_bby Manjit Tiwana
260 _aਨੇਵੀ ਦਿੱਲੀ
_bਨਾਵਯੁਗ ਪ੍ਰਕਾਸ਼ਨ
_c2000
270 _aਕੇ ੨੪, ਹੁਜ਼ ਖਾਸ
_bਦਿੱਲੀ
_e110016
300 _a58p.
_c19cm(Hb)
650 _aਪੰਜਾਬੀ - ਕਵਿਤਾਵਾਂ
_9118909
650 _a ਸਾਹਿਤ -- ਪੰਜਾਬੀ
_9118910
650 _aPunjabi -- Poems
_998797
650 _aPunjabi Literature
_9781
942 _2ddc
_cPN
_h851
_mਟਿਵਾਨਾ
999 _c109799
_d109799